LEADER 02255nam0 22003493i 450 001 SUN0081054 005 20160129024129.388 010 $a978-88-08-06573-5 100 $a20101210d2009 |0itac50 ba 101 $aita 102 $aIT 105 $a|||| ||||| 200 1 $aMatematica. questione di metodo$ecome affrontare la fatica dello studio e scoprire la bellezza$epreparazione ai corsi universitari$fMarco Bramanti, Giancarlo Travaglini 210 $aBologna$cZanichelli$d2009 215 $aX, 339 p.$d27 cm. 606 $a97-XX$xMathematics education [MSC 2020]$2MF$3SUNC023813 620 $dBologna$3SUNL000003 700 1$aBramanti$b, Marco$3SUNV014057$0284761 701 1$aTravaglini$b, Giancarlo$3SUNV067363$0290836 712 $aZanichelli$3SUNV004332$4650 801 $aIT$bSOL$c20200720$gRICA 856 4 $u/sebina/repository/catalogazione/documenti/Bramanti, Travaglini - Matematica. Questione di metodo.pdf$zContents 912 $aSUN0081054 950 $aUFFICIO DI BIBLIOTECA DEL DIPARTIMENTO DI MATEMATICA E FISICA$d08CONS 97-XX 0535 $e08 8980 I a 20101214 $sBuono 950 $aUFFICIO DI BIBLIOTECA DEL DIPARTIMENTO DI MATEMATICA E FISICA$d08PREST 97-XX 0535 $e08 8981 I b 20101214 $sBuono 950 $aUFFICIO DI BIBLIOTECA DEL DIPARTIMENTO DI MATEMATICA E FISICA$d08PREST 97-XX 0535 $e08 8982 I c 20101214 $sBuono 950 $aUFFICIO DI BIBLIOTECA DEL DIPARTIMENTO DI MATEMATICA E FISICA$d08PREST 97-XX 0535 $e08 8983 I d 20101214 $sBuono 950 $aUFFICIO DI BIBLIOTECA DEL DIPARTIMENTO DI INGEGNERIA$d05CONS D IV 465 $e05UBI227 20161109 950 $aUFFICIO DI BIBLIOTECA DEL DIPARTIMENTO DI INGEGNERIA$d05CONS D AUL I 079 AULARIO $e05UBI228 20161109 950 $aUFFICIO DI BIBLIOTECA DEL DIPARTIMENTO DI INGEGNERIA$d05CONS D AUL I 080 AULARIO $e05UBI229 20161109 996 $aMatematica. questione di metodo$91420130 997 $aUNICAMPANIA LEADER 01689nam 2200517 a 450 001 9910461560503321 005 20200520144314.0 010 $a1-61324-260-3 035 $a(CKB)2670000000099645 035 $a(EBL)3019519 035 $a(SSID)ssj0000521610 035 $a(PQKBManifestationID)12205201 035 $a(PQKBTitleCode)TC0000521610 035 $a(PQKBWorkID)10518349 035 $a(PQKB)10041856 035 $a(MiAaPQ)EBC3019519 035 $a(Au-PeEL)EBL3019519 035 $a(CaPaEBR)ebr10671084 035 $a(OCoLC)739713623 035 $a(EXLCZ)992670000000099645 100 $a20090918d2010 uy 0 101 0 $aeng 135 $aur|n|---||||| 181 $ctxt 182 $cc 183 $acr 200 00$aCompetitive strategies and policies for tourism destinations$b[electronic resource] $equality, innovation and promotion /$fFlora Maria Diaz-Perez, editor 210 $aHauppauge, N.Y. $cNova Science Publishers$dc2010 215 $a1 online resource (226 p.) 225 1 $aTourism and hospitality development and management series 300 $aDescription based upon print version of record. 311 $a1-60876-475-3 320 $aIncludes bibliographical references and index. 410 0$aTourism and hospitality development and management. 606 $aTourism 608 $aElectronic books. 615 0$aTourism. 676 $a910.68/4 701 $aDi?az Pe?rez$b Flora Mari?a$0962497 801 0$bMiAaPQ 801 1$bMiAaPQ 801 2$bMiAaPQ 906 $aBOOK 912 $a9910461560503321 996 $aCompetitive strategies and policies for tourism destinations$92182616 997 $aUNINA